书目信息 |
| 题名: |
教育戏剧在小学英语教育教学中的应用
|
|
| 作者: | 李帆 , 李婷婷 著 | |
| 分册: | ||
| 出版信息: | 武汉 武汉大学出版社 2021.4 |
|
| 页数: | 199页 | |
| 开本: | 24cm | |
| 丛书名: | ||
| 单 册: | ||
| 中图分类: | G623.31 | |
| 科图分类: | ||
| 主题词: | 戏剧教育--应用--英语课--教学研究--小学 | |
| 电子资源: | ||
| ISBN: | 978-7-307-22104-8 | |
| 000 | 01456nam0 2200265 45 | |
| 001 | 012001001625 | |
| 005 | 20140821104101.0 | |
| 010 | @a978-7-307-22104-8@dCNY36.00 | |
| 100 | @a20210514d2021 em y0chiy0110 ea | |
| 101 | 0 | @achi |
| 102 | @aCN@b420000 | |
| 105 | @aa az 000yy | |
| 106 | @ar | |
| 200 | 1 | @a教育戏剧在小学英语教育教学中的应用@Ajiao yu xi ju zai xiao xue ying yu jiao yu jiao xue zhong de ying yong@f李帆, 李婷婷著 |
| 210 | @a武汉@c武汉大学出版社@d2021.4 | |
| 215 | @a199页@c图@d24cm | |
| 314 | @a李帆,现任职于深圳市宝安区教育科学研究院。主要从事中小学英语教学、国际理解教育等方面的研究。李婷婷,小学英语教师,区级骨干教师,在深圳已有10年一线教学经验。 | |
| 320 | @a有书目 (第187-194页) | |
| 330 | @a本书基于教育戏剧的教学模式和深圳市宝安区英语教学现状与需求,借鉴国内外相关研究成果,探索教育戏剧在小学英语教学中的应用框架,对其理念、原则和主要教学模式、实施途径和策略等方面做一定的探索和梳理,在一定程度上丰富相关领域的教育理论,拓宽教育视野,丰富小学阶段英语教学模式和方法。同时,本书还结合理论,对部分在研究中形成的典型案例进行了分析,希望能为教育戏剧在小学英语科目中的融合实践提供参考与借鉴,从而为教师在教育教学中如何发挥教育戏剧的积极作用,增强学生语言综合运用能力和社会责任感、创新精神等,提供切实有效的建议和方案。 | |
| 606 | 0 | @a戏剧教育@x应用@x英语课@x教学研究@x小学 |
| 690 | @aG623.31@v5 | |
| 701 | 0 | @a李帆@Ali fan@4著 |
| 701 | 0 | @a李婷婷@Ali ting ting@4著 |
| 801 | @aCN@bAHXH@c20210922 | |
| 905 | @b1252242-6@dG623.31@e1602@f5 | |
| 教育戏剧在小学英语教育教学中的应用/李帆, 李婷婷著.-武汉:武汉大学出版社,2021.4 |
| 199页:图;24cm |
| ISBN 978-7-307-22104-8:CNY36.00 |
| 本书基于教育戏剧的教学模式和深圳市宝安区英语教学现状与需求,借鉴国内外相关研究成果,探索教育戏剧在小学英语教学中的应用框架,对其理念、原则和主要教学模式、实施途径和策略等方面做一定的探索和梳理,在一定程度上丰富相关领域的教育理论,拓宽教育视野,丰富小学阶段英语教学模式和方法。同时,本书还结合理论,对部分在研究中形成的典型案例进行了分析,希望能为教育戏剧在小学英语科目中的融合实践提供参考与借鉴,从而为教师在教育教学中如何发挥教育戏剧的积极作用,增强学生语言综合运用能力和社会责任感、创新精神等,提供切实有效的建议和方案。 |
| ● |
| 相关链接 |
|
|
|
|
正题名:教育戏剧在小学英语教育教学中的应用
索取号:G623.31/1602
 
预约/预借
| 序号 | 登录号 | 条形码 | 馆藏地/架位号 | 状态 | 备注 |
| 1 | 1252242 | 212522420 | 第一样本阅览室/ [索取号:G623.31/1602] | 在馆 | |
| 2 | 1252243 | 212522439 | 教育系资料室/ [索取号:G623.31/1602] | 在馆 | |
| 3 | 1252244 | 212522448 | 教育系资料室/ [索取号:G623.31/1602] | 在馆 | |
| 4 | 1252245 | 212522457 | 第四借阅区/ [索取号:G623.31/1602] | 在馆 | |
| 5 | 1252246 | 212522466 | 第四借阅区/ [索取号:G623.31/1602] | 在馆 |